[Event "San Sebastian de los Reyes op 20th"]
[Site "San Sebastian"]
[Date "2018.12.06"]
[Round "6"]
[White "Alvarez Gonzalez, Eduardo"]
[Black "Garcia Minguez, Antonio"]
[Result "0-1"]
[WhiteElo "1798"]
[BlackElo "1499"]
[PlyCount "78"]
[EventDate "2018.12.01"]
[EventType "swiss"]
[EventRounds "9"]
[EventCountry "ESP"]
[SourceTitle "CBM 187 Extra"]
[Source "ChessBase"]
[SourceDate "2018.11.04"]
[SourceVersion "1"]
[SourceVersionDate "2018.11.04"]
[SourceQuality "1"]

1. d4 d5 2. Nf3 Nf6 3. c4 e6 4. Nc3 c5 5. cxd5 Nxd5 6. e3 Nc6 7. Bb5 Nxc3 8. bxc3 Bd7 9. 0-0 a6 10. Bd3 Be7 11. e4 0-0 12. Be3 cxd4 13. cxd4 Nb4 14. Bb1 Rc8 15. a3 Nc6 16. d5 exd5 17. exd5 Na5 18. Bd3 Nc4 19. Bxc4 Rxc4 20. Qb3 b5 21. Rfd1 Bf6 22. Bd4 Re8 23. Qb2 Bxd4 24. Rxd4 Qc7 25. h3 Rc2 26. Qb3 Ree2 27. Ne1 Rc1 28. Rd1 Rc3 29. Qb1 Qf4 30. Nd3 Rxd3 31. Kh1 Rxd1+ 32. Qxd1 Rd2 33. Qe1 Qxf2 34. Qe4 Qe2 35. Qxe2 Rxe2 36. Rc1 Kf8 37. Rc7 Ke7 38. Ra7 Rd2 39. Rxa6 Rxd5 0-1

[Event "Tres Cantos op 10th"]
[Site "Tres Cantos"]
[Date "2018.06.24"]
[Round "4.38"]
[White "Gonzalez Marquez, Jorge"]
[Black "Garcia Minguez, Antonio"]
[Result "0-1"]
[WhiteElo "1676"]
[BlackElo "1517"]
[PlyCount "93"]
[EventDate "2018.06.21"]
[EventType "swiss"]
[EventRounds "9"]
[EventCountry "ESP"]
[SourceTitle "EXT 2024"]
[Source "ChessBase"]
[SourceDate "2023.10.10"]
[SourceVersion "1"]
[SourceVersionDate "2023.10.10"]
[SourceQuality "1"]

1. e4 e6 2. d4 d5 3. e5 c5 4. c3 cxd4 5. cxd4 Nc6 6. Nf3 Nge7 7. Nbd2 Nf5 8. Nb3 Bb4+ 9. Bd2 Qb6 10. Bxb4 Qxb4+ 11. Qd2 Qxd2+ 12. Kxd2 0-0 13. Rc1 Rd8 14. Bd3 Nb4 15. Bb1 Bd7 16. a3 Nc6 17. Rc3 Nce7 18. Na5 b6 19. Bxf5 exf5 20. Nb7 Rdc8 21. Rhc1 Rxc3 22. Rxc3 Rc8 23. Nd6 Rxc3 24. bxc3 g6 25. Ng5 Be6 26. Ne8 h6 27. Nf6+ Kg7 28. Ngh7 Nc6 29. f4 b5 30. g3 Na5 31. Kc2 Nc4 32. Kb3 a5 33. a4 bxa4+ 34. Kxa4 Ne3 35. Kxa5 Nf1 36. Kb6 Nxh2 37. Kc7 Nf1 38. Kd8 Nxg3 39. Ke7 Ne2 40. Nf8 Nxf4 41. Ne8+ Kg8 42. Nf6+ Kh8 43. Ne8 h5 44. Kf6 Kg8 45. Nxe6 Nxe6 46. Nd6 f4 47. Nxf7 0-1

[Event "Madrid San Viator op-B 30th"]
[Site "Madrid"]
[Date "2018.05.13"]
[Round "5"]
[White "Garcia Minguez, Antonio"]
[Black "Garcia Hernandez, Armando"]
[Result "1-0"]
[WhiteElo "1517"]
[BlackElo "1350"]
[PlyCount "69"]
[EventDate "2018.04.08"]
[EventType "swiss"]
[EventRounds "9"]
[EventCountry "ESP"]
[SourceTitle "EXT 2019"]
[Source "ChessBase"]
[SourceDate "2018.10.10"]
[SourceVersion "1"]
[SourceVersionDate "2018.10.10"]
[SourceQuality "1"]

1. d4 Nf6 2. Nf3 g6 3. c3 Bg7 4. Bf4 d6 5. h3 a6 6. Nbd2 0-0 7. e3 Re8 8. Bh2 Nbd7 9. Be2 c5 10. 0-0 b5 11. dxc5 Nxc5 12. Nd4 Bb7 13. Bf3 Qc8 14. Rc1 Nd3 15. Rc2 Nd7 16. N2b3 N3e5 17. Be2 Nc4 18. Nd2 Nxd2 19. Rxd2 Bd5 20. Nb3 Bxb3 21. Qxb3 Nc5 22. Qd5 Na4 23. Bf3 Nxb2 24. Rxb2 Qxc3 25. Rb3 Qc7 26. Rd3 Rac8 27. Qb3 Qc5 28. Bb7 Rb8 29. Bxa6 Rb6 30. Rd5 Qc7 31. Bxb5 Rc8 32. a4 Ba1 33. Rxa1 Rxb5 34. axb5 f6 35. Rc5+ 1-0

[Event "San Sebastian de los Reyes op 19th"]
[Site "San Sebastian"]
[Date "2017.12.06"]
[Round "5"]
[White "Garcia Minguez, Antonio"]
[Black "Busto Alvarez, Francisco"]
[Result "1-0"]
[WhiteElo "1520"]
[BlackElo "1200"]
[PlyCount "63"]
[EventDate "2017.12.02"]
[EventType "swiss"]
[EventRounds "9"]
[EventCountry "ESP"]
[SourceTitle "CBM 182 Extra"]
[Source "ChessBase"]
[SourceDate "2018.02.23"]
[SourceVersion "1"]
[SourceVersionDate "2018.02.23"]
[SourceQuality "1"]

1. d4 Nf6 2. Nf3 d5 3. Bf4 c5 4. c3 Nc6 5. e3 e6 6. Bb5 Bd6 7. Ne5 Bd7 8. Nxf7 Kxf7 9. Bxd6 a6 10. Bxc6 Bxc6 11. Bxc5 Re8 12. 0-0 Bb5 13. Re1 Kg8 14. Nd2 e5 15. dxe5 Rxe5 16. Bd4 Rf5 17. Bxf6 Qxf6 18. Nf3 Bd7 19. Qd4 Qe6 20. Qh4 h6 21. Rad1 g5 22. Qg3 Qe4 23. Rd4 Qe6 24. h4 Kh7 25. hxg5 Rg8 26. Rh4 Rg6 27. Qh2 h5 28. Rxh5+ Kg7 29. Nd4 Qe4 30. Nxf5+ Qxf5 31. Rh7+ Kf8 32. Qf4 1-0

[Event "Tres Cantos op 9th"]
[Site "Tres Cantos"]
[Date "2017.06.26"]
[Round "5"]
[White "Garcia Minguez, Antonio"]
[Black "Cerioni Serret, Luca"]
[Result "1-0"]
[WhiteElo "1512"]
[BlackElo "1369"]
[PlyCount "61"]
[EventDate "2017.06.22"]
[EventType "swiss"]
[EventRounds "9"]
[EventCountry "ESP"]
[SourceTitle "EXT 2019"]
[Source "ChessBase"]
[SourceDate "2018.10.10"]
[SourceVersion "1"]
[SourceVersionDate "2018.10.10"]
[SourceQuality "1"]

1. d4 Nf6 2. Nf3 e6 3. c3 d5 4. Bf4 b6 5. e3 Ba6 6. Bxa6 Nxa6 7. Qa4+ Qd7 8. Qxa6 b5 9. Ne5 Qc8 10. Qxb5+ Nd7 11. Nxd7 Qxd7 12. Qxd7+ Kxd7 13. 0-0 g5 14. Be5 Rg8 15. Nd2 h5 16. f3 Be7 17. h3 g4 18. hxg4 hxg4 19. fxg4 Rxg4 20. Rf4 Rg6 21. Raf1 Rag8 22. R1f2 c5 23. Rxf7 Ke8 24. Rh7 cxd4 25. cxd4 a6 26. Rh8 Bd8 27. Rxg8+ Rxg8 28. Nb3 Bb6 29. Nc5 Ke7 30. b4 Rg3 31. Bxg3 1-0

[Event "Tres Cantos op 9th"]
[Site "Tres Cantos"]
[Date "2017.06.23"]
[Round "2"]
[White "Fernandez Aransay, Fernando"]
[Black "Garcia Minguez, Antonio"]
[Result "1-0"]
[WhiteElo "1887"]
[BlackElo "1512"]
[PlyCount "111"]
[EventDate "2017.06.22"]
[EventType "swiss"]
[EventRounds "9"]
[EventCountry "ESP"]
[SourceTitle "EXT 2019"]
[Source "ChessBase"]
[SourceDate "2018.10.10"]
[SourceVersion "1"]
[SourceVersionDate "2018.10.10"]
[SourceQuality "1"]

1. e4 e6 2. d4 d5 3. exd5 exd5 4. Nf3 Nf6 5. c4 Be7 6. Bd3 0-0 7. 0-0 c6 8. Nc3 h6 9. Bf4 Be6 10. c5 Nbd7 11. b4 Nh5 12. Be5 f6 13. Bg3 Nxg3 14. hxg3 Bg4 15. Qc2 f5 16. Nh2 Qc7 17. f3 Bh5 18. Bxf5 Nf6 19. g4 Be8 20. Rfe1 a5 21. a3 axb4 22. axb4 Rxa1 23. Rxa1 Bd7 24. Nf1 Bxf5 25. Qxf5 Nh7 26. Qe6+ Kh8 27. Re1 Bf6 28. Qe3 Bg5 29. Qf2 Bf4 30. Ne2 Nf6 31. Nxf4 Qxf4 32. Qd2 Qc7 33. g5 hxg5 34. Qxg5 Qf7 35. Ng3 Re8 36. Rxe8+ Qxe8 37. Nf5 Qd7 38. Kf2 Nh7 39. Qf4 Nf8 40. Qe5 Kg8 41. Nd6 Ne6 42. f4 Nd8 43. Kf3 Nf7 44. Qe8+ Qxe8 45. Nxe8 Kf8 46. Nc7 Ke7 47. b5 Kd7 48. b6 Nh6 49. g4 g6 50. Kg3 Ke7 51. Na6 Kf6 52. g5+ Kg7 53. gxh6+ Kxh6 54. Nb4 g5 55. Nxc6 gxf4+ 56. Kxf4 1-0

[Event "San Sebastian de los Reyes op 18th"]
[Site "San Sebastian"]
[Date "2016.12.09"]
[Round "7"]
[White "Ortega Morales, Pedro"]
[Black "Garcia Minguez, Antonio"]
[Result "1-0"]
[WhiteElo "1809"]
[BlackElo "1548"]
[PlyCount "67"]
[EventDate "2016.12.03"]
[EventType "swiss"]
[EventRounds "9"]
[EventCountry "ESP"]
[SourceTitle "CBM 176 Extra"]
[Source "ChessBase"]
[SourceDate "2017.03.02"]
[SourceVersion "1"]
[SourceVersionDate "2017.03.02"]
[SourceQuality "1"]

1. d4 d5 2. Bf4 Nf6 3. e3 e6 4. Nf3 c5 5. c3 Nc6 6. Nbd2 Be7 7. Bd3 0-0 8. Ne5 cxd4 9. exd4 Nxe5 10. dxe5 Nd7 11. h4 Nc5 12. Bc2 f5 13. exf6 Bxf6 14. Be3 b6 15. h5 h6 16. Qe2 d4 17. cxd4 Bxd4 18. 0-0-0 Bxe3 19. Qxe3 Qf6 20. f3 Bb7 21. Kb1 Bd5 22. Ne4 Qf4 23. Qxf4 Rxf4 24. Nc3 Bc4 25. Rhe1 Rff8 26. b3 Ba6 27. b4 Nb7 28. b5 Rac8 29. bxa6 Nc5 30. Bd3 Rfd8 31. Bc4 Re8 32. Nb5 Kh8 33. Nd6 Nd3 34. Bxd3 1-0

[Event "San Sebastian de los Reyes op 17th"]
[Site "San Sebastian"]
[Date "2015.12.08"]
[Round "9"]
[White "Guillo Longares, Cecilia"]
[Black "Garcia Minguez, Antonio"]
[Result "1-0"]
[WhiteElo "1815"]
[BlackElo "1572"]
[PlyCount "101"]
[EventDate "2015.11.30"]
[EventType "swiss"]
[EventRounds "9"]
[EventCountry "ESP"]
[SourceTitle "CBM 170 Extra"]
[Source "ChessBase"]
[SourceDate "2016.02.25"]
[SourceVersion "1"]
[SourceVersionDate "2016.02.25"]
[SourceQuality "1"]

1. d4 d5 2. c4 c6 3. Nc3 Nf6 4. Nf3 e6 5. Bg5 Be7 6. e3 0-0 7. cxd5 cxd5 8. Bd3 Nc6 9. 0-0 Bd7 10. a3 a6 11. Qc2 h6 12. Bh4 Rc8 13. Rac1 b5 14. b4 Ne8 15. Bg3 Nd6 16. Bxd6 Bxd6 17. Qd2 Qf6 18. Bb1 Qe7 19. Qc2 f5 20. g3 Nd8 21. Qd3 Nf7 22. Nh4 Qf6 23. f3 Ng5 24. e4 Qf7 25. exf5 exf5 26. Ba2 Be6 27. Bb1 g6 28. Ng2 Kg7 29. Qd2 Rc7 30. h4 Nh7 31. Nf4 Rfc8 32. Nxe6+ Qxe6 33. Kg2 Nf6 34. Rfe1 Qd7 35. Ba2 Bf8 36. Re5 a5 37. Qb2 axb4 38. axb4 Qd6 39. Re3 Qxb4 40. Qd2 Qa5 41. Bb3 Bb4 42. Qe2 Rxc3 43. Rcxc3 Rxc3 44. Rxc3 Bxc3 45. Qe7+ Kg8 46. Qxf6 Kh7 47. Qe7+ Kh8 48. Bxd5 Bb4 49. Qe8+ Kg7 50. Qf7+ Kh8 51. Qg8# 1-0

[Event "San Sebastian de los Reyes op 17th"]
[Site "San Sebastian"]
[Date "2015.12.07"]
[Round "8"]
[White "Garcia Minguez, Antonio"]
[Black "Martinez Miura, Enrique"]
[Result "1/2-1/2"]
[WhiteElo "1572"]
[BlackElo "1611"]
[PlyCount "50"]
[EventDate "2015.11.30"]
[EventType "swiss"]
[EventRounds "9"]
[EventCountry "ESP"]
[SourceTitle "CBM 170 Extra"]
[Source "ChessBase"]
[SourceDate "2016.02.25"]
[SourceVersion "1"]
[SourceVersionDate "2016.02.25"]
[SourceQuality "1"]

1. d4 e6 2. Nf3 d5 3. Bf4 Nf6 4. h3 Be7 5. e3 0-0 6. c3 Nbd7 7. Bd3 b6 8. 0-0 Bb7 9. Nbd2 h6 10. Ne5 Nxe5 11. Bxe5 Nd7 12. Bg3 Bd6 13. f4 c5 14. Rc1 cxd4 15. cxd4 Rc8 16. Qe2 Nf6 17. Bh4 Be7 18. Bxf6 Bxf6 19. Nf3 Qd7 20. Ne5 Bxe5 21. fxe5 Rxc1 22. Rxc1 f5 23. Rc3 Rc8 24. Qc2 Rxc3 25. Qxc3 Qc6 1/2-1/2

[Event "Madrid Codes Memorial 7th"]
[Site "Madrid"]
[Date "2013.06.02"]
[Round "9"]
[White "Garcia Minguez, Antonio"]
[Black "Murciano Cespedosa, Antonio"]
[Result "1-0"]
[WhiteElo "1494"]
[BlackElo "1743"]
[PlyCount "123"]
[EventDate "2013.04.07"]
[EventType "swiss"]
[EventRounds "9"]
[EventCountry "ESP"]
[SourceTitle "EXT 2014"]
[Source "ChessBase"]
[SourceDate "2013.11.20"]
[SourceVersion "1"]
[SourceVersionDate "2013.11.20"]
[SourceQuality "1"]

1. d4 Nf6 2. c4 c5 3. d5 b5 4. b3 Ne4 5. Qc2 Qa5+ 6. Nd2 Nxd2 7. Bxd2 b4 8. e4 g6 9. Rd1 Bg7 10. Nf3 d6 11. h3 0-0 12. Bd3 Nd7 13. 0-0 Ne5 14. Nxe5 Bxe5 15. Bh6 Bg7 16. Bxg7 Kxg7 17. Qb2+ Kg8 18. Rfe1 e5 19. dxe6 Bxe6 20. Be2 Rad8 21. Rd3 Rd7 22. Red1 Rfd8 23. Rg3 Qc7 24. h4 f5 25. Qf6 Re8 26. h5 Rf7 27. Qg5 fxe4 28. hxg6 hxg6 29. Qxg6+ Kf8 30. Qxe4 Bf5 31. Qf3 Bc2 32. Qg4 Re4 33. Qg8+ Ke7 34. Rd2 Bb1 35. Rg7 Rxg7 36. Qxg7+ Kd8 37. Qxc7+ Kxc7 38. Rb2 Re7 39. Kf1 Be4 40. f3 Bc6 41. Kf2 a5 42. g4 Rh7 43. Kg3 d5 44. Rd2 d4 45. Bd3 Re7 46. Re2 Rxe2 47. Bxe2 Kd6 48. Bd3 Ke5 49. f4+ Kf6 50. g5+ Kg7 51. Kg4 Bd7+ 52. f5 Bc6 53. Kf4 Kf7 54. Ke5 Ke7 55. f6+ Kd8 56. g6 Ke8 57. Kd6 Bf3 58. Kxc5 Bh5 59. Kxd4 Kd7 60. Ke5 Ke8 61. Bf5 Bd1 62. g7 1-0

[Event "Tres Cantos op 4th"]
[Site "Tres Cantos"]
[Date "2012.06.23"]
[Round "3"]
[White "Munoz Blazquez, Jose"]
[Black "Garcia Minguez, Antonio"]
[Result "0-1"]
[WhiteElo "1410"]
[BlackElo "1463"]
[PlyCount "118"]
[EventDate "2012.06.21"]
[EventType "swiss"]
[EventRounds "9"]
[EventCountry "ESP"]
[SourceTitle "CBM 149 Extra"]
[Source "ChessBase"]
[SourceDate "2012.08.24"]
[SourceVersion "1"]
[SourceVersionDate "2012.08.24"]
[SourceQuality "1"]

1. e4 c5 2. Nf3 Nc6 3. d4 cxd4 4. Nxd4 e6 5. c3 Nf6 6. Nd2 Be7 7. Bd3 0-0 8. 0-0 d6 9. N2f3 a6 10. Be3 Ng4 11. Qd2 Nge5 12. Nxe5 Nxe5 13. Qe2 Nxd3 14. Qxd3 Qc7 15. Nf3 b5 16. Bg5 Bxg5 17. Nxg5 h6 18. Nf3 Bb7 19. Rfe1 Rad8 20. Re3 e5 21. Qe2 f5 22. exf5 Rxf5 23. Re1 Qf7 24. Qd1 Qxa2 25. Nxe5 Rdf8 26. Nf3 Qxb2 27. Qe2 Qxe2 28. R1xe2 Bxf3 29. Rxf3 Rxf3 30. gxf3 Rxf3 31. Re8+ Kf7 32. Ra8 Rxc3 33. Rxa6 Ke6 34. Rb6 Rb3 35. Kg2 b4 36. Rb7 Kf6 37. Rb6 Ke5 38. Rb7 Rb1 39. Rxg7 b3 40. Rh7 b2 41. Rb7 d5 42. Kf3 Kd4 43. Ke2 h5 44. Kd2 Rh1 45. Rxb2 Rxh2 46. Ke2 Ke4 47. Rb3 d4 48. Rb4 h4 49. Rb3 h3 50. Rb2 d3+ 51. Kd1 Rh1+ 52. Kd2 Rh2 53. Rb4+ Kf3 54. Kxd3 Rxf2 55. Rh4 h2 56. Rh8 Kg2 57. Rg8+ Kf1 58. Rh8 Kg1 59. Ke3 Rg2 0-1

[Event "Tres Cantos op 4th"]
[Site "Tres Cantos"]
[Date "2012.06.21"]
[Round "1"]
[White "Fernandez Garcia, Ignacio"]
[Black "Garcia Minguez, Antonio"]
[Result "1-0"]
[WhiteElo "1870"]
[BlackElo "1463"]
[PlyCount "45"]
[EventDate "2012.06.21"]
[EventType "swiss"]
[EventRounds "9"]
[EventCountry "ESP"]
[SourceTitle "CBM 149 Extra"]
[Source "ChessBase"]
[SourceDate "2012.08.24"]
[SourceVersion "1"]
[SourceVersionDate "2012.08.24"]
[SourceQuality "1"]

1. e4 c5 2. Nf3 Nc6 3. d4 cxd4 4. Nxd4 e6 5. Be3 Nf6 6. Nc3 a6 7. Be2 Be7 8. 0-0 0-0 9. f4 d6 10. g4 h6 11. h4 Qb6 12. Nf5 Qxb2 13. Nxe7+ Nxe7 14. Qd2 Qa3 15. g5 hxg5 16. hxg5 Nd7 17. Bd3 Nc5 18. Rf3 Nxd3 19. cxd3 d5 20. Rh3 Rd8 21. Qh2 Ng6 22. Nxd5 Kf8 23. Rh8+ 1-0